[Event "Hart House Reading Week op"]
[Site "Toronto CAN"]
[Date "2026.02.16"]
[Round "6.1"]
[White "Noritsyn, Nikolay"]
[Black "Atanasov, Anthony"]
[Result "1-0"]
[WhiteElo "2463"]
[BlackElo "2441"]
[WhiteFideId "-1"]
[BlackFideId "-1"]
[PlyCount "123"]
[GameId "2278284786405376"]
[EventDate "2026.02.14"]
[EventType "swiss"]
[EventRounds "6"]
[EventCountry "CAN"]

1. c4 e6 2. e4 Nc6 3. Nc3 Nd4 4. Nce2 Nc6 5. Nf3 d5 6. cxd5 exd5 7. exd5 Nb4 8. Nc3 Nf6 9. Bc4 Nbxd5 10. O-O Be7 11. d4 O-O 12. Re1 c6 13. Bg5 Be6 14. Qb3 Rb8 15. Re5 h6 16. Bh4 Nd7 17. Bxe7 Qxe7 18. Ree1 Nf4 19. g3 b5 20. Bxe6 Nxe6 21. Rad1 Rfd8 22. Ne4 Nf6 23. Nc5 Nxc5 24. Rxe7 Nxb3 25. axb3 Rd7 26. Rxd7 Nxd7 27. Ne5 Nxe5 28. dxe5 Re8 29. f4 f6 30. exf6 gxf6 31. Kf2 Re4 32. Kf3 Rb4 33. Kg4 Rxb3 34. Kf5 Rxb2 35. Kxf6 Rxh2 36. Rd8+ Kh7 37. Rd7+ Kg8 38. Kg6 Kf8 39. f5 Rg2 40. Rd3 Rf2 41. f6 Ke8 42. Kg7 Rf5 43. Re3+ Kd7 44. Kg6 Rf2 45. Re4 Rf3 46. g4 a5 47. f7 a4 48. Re5 a3 49. Rf5 Rxf5 50. gxf5 a2 51. f8=Q a1=Q 52. Qf7+ Kd6 53. Qe6+ Kc5 54. Qe3+ Qd4 55. Qxd4+ Kxd4 56. f6 b4 57. f7 b3 58. f8=Q c5 59. Qd6+ Kc4 60. Qd2 Kb5 61. Qc3 c4 62. Kxh6 1-0

[Event "Hart House Reading Week op"]
[Site "Toronto CAN"]
[Date "2026.02.16"]
[Round "6.2"]
[White "Plotkin, Mark"]
[Black "Kot, Emanuel"]
[Result "0-1"]
[WhiteElo "2370"]
[BlackElo "2282"]
[WhiteFideId "-1"]
[BlackFideId "-1"]
[PlyCount "68"]
[GameId "2278284786409472"]
[EventDate "2026.02.14"]
[EventType "swiss"]
[EventRounds "6"]
[EventCountry "CAN"]

1. c4 e5 2. Nc3 Bb4 3. Nd5 Be7 4. Nf3 e4 5. Nd4 c6 6. Nxe7 Nxe7 7. d3 d5 8. dxe4 dxe4 9. e3 O-O 10. Bd2 c5 11. Nb5 a6 12. Nc3 f5 13. f4 exf3 14. Qxf3 Nbc6 15. O-O-O Be6 16. Be1 Qe8 17. Nd5 Qf7 18. Bc3 Rad8 19. e4 fxe4 20. Qxe4 Nxd5 21. cxd5 Rxd5 22. Re1 Bf5 23. Qe3 Nb4 24. Bc4 b5 25. Bxd5 Qxd5 26. b3 Nd3+ 27. Kd1 Nxe1+ 28. Kxe1 Bg6 29. Qd2 Qe4+ 30. Kd1 Qb1+ 31. Qc1 Bh5+ 32. Kd2 Rf2+ 33. Ke3 Re2+ 34. Kf4 Qe4+ 0-1

[Event "Hart House Reading Week op"]
[Site "Toronto CAN"]
[Date "2026.02.16"]
[Round "6.3"]
[White "Wang, Bingfei"]
[Black "Jaferian, Koosha"]
[Result "0-1"]
[WhiteElo "2025"]
[BlackElo "2195"]
[WhiteFideId "-1"]
[BlackFideId "-1"]
[PlyCount "114"]
[GameId "2278284786413568"]
[EventDate "2026.02.14"]
[EventType "swiss"]
[EventRounds "6"]
[EventCountry "CAN"]

1. d4 Nf6 2. Nf3 e6 3. c4 b6 4. Nc3 Bb7 5. e3 Bb4 6. Bd3 O-O 7. O-O Bxc3 8. bxc3 d6 9. Re1 Ne4 10. Nd2 Nxd2 11. Bxd2 Nd7 12. e4 e5 13. Qg4 Bc8 14. Qg3 Re8 15. a4 a5 16. Bg5 f6 17. Bd2 Qe7 18. f4 exf4 19. Bxf4 Ba6 20. Qg4 Qf7 21. Re3 Qe7 22. Rg3 Nf8 23. Re3 Qf7 24. Rg3 Ng6 25. h4 Bc8 26. Qf3 Nxh4 27. Qf2 Ng6 28. c5 bxc5 29. Bd2 c4 30. Bc2 Rb8 31. Rf1 Bb7 32. Qf5 Bc6 33. Bc1 Qd7 34. Qf3 Bxa4 35. Bxa4 Qxa4 36. e5 dxe5 37. Qd5+ Kh8 38. Rxg6 hxg6 39. Rf3 Qd1+ 40. Kh2 Qxc1 41. Rh3+ Qh6 42. Rxh6+ gxh6 43. Qc6 Rf8 44. dxe5 fxe5 45. Qxc7 Rbe8 46. Qxc4 e4 47. Qd4+ Kh7 48. Qd7+ Kg8 49. Qd6 Kf7 50. Qd5+ Re6 51. Kg1 e3 52. Kf1 e2+ 53. Ke1 Rfe8 54. Qxa5 Kg7 55. Qc7+ R6e7 56. Qd6 Rf7 57. Qd4+ Kh7 0-1

[Event "Hart House Reading Week op"]
[Site "Toronto CAN"]
[Date "2026.02.16"]
[Round "6.4"]
[White "Yin, Zeming"]
[Black "Razin, Vadim"]
[Result "0-1"]
[WhiteElo "1993"]
[BlackElo "2336"]
[WhiteFideId "-1"]
[BlackFideId "-1"]
[PlyCount "138"]
[GameId "2278284786413568"]
[EventDate "2026.02.14"]
[EventType "swiss"]
[EventRounds "6"]
[EventCountry "CAN"]

1. e4 e6 2. d4 d5 3. Nd2 Be7 4. Bd3 Nf6 5. e5 Nfd7 6. c3 c5 7. Ne2 Nc6 8. Nf3 b6 9. h4 Bb7 10. Nf4 Qc7 11. Be3 h6 12. h5 O-O-O 13. Rc1 Nf8 14. Nh4 Bg5 15. Qg4 Kb8 16. Qg3 f6 17. Nfg6 Bxh4 18. Rxh4 Nxg6 19. Bxg6 cxd4 20. cxd4 f5 21. Bd2 Qe7 22. Rf4 Rc8 23. a3 Rc7 24. Qd3 Rhc8 25. Kf1 Qd8 26. Qe3 Ne7 27. Rxc7 Qxc7 28. Bc3 a5 29. g4 Nxg6 30. hxg6 fxg4 31. Rxg4 Ba6+ 32. Ke1 Qc4 33. Rg1 b5 34. Qd2 b4 35. axb4 axb4 36. Bxb4 Qc1+ 37. Qd1 Qxb2 38. Bc5 Kb7 39. Rg3 Bc4 40. Qd2 Qb1+ 41. Qd1 Qb2 42. Qd2 Qb1+ 43. Qd1 Qe4+ 44. Re3 Qxg6 45. Rb3+ Kc7 46. Rg3 Qe4+ 47. Re3 Qg2 48. Qf3 Qxf3 49. Rxf3 Kc6 50. Rf7 Bd3 51. Rxg7 h5 52. Be7 Bf5 53. Kf1 Kb5 54. Kg2 Rc1 55. Rg3 Be4+ 56. f3 Bf5 57. Kh2 Kc4 58. Bc5 Kd3 59. Rg1 Rc2+ 60. Rg2 Rc4 61. Kg3 Rc1 62. Rh2 Ke3 63. Bb6 Rg1+ 64. Rg2 h4+ 65. Kh2 Rb1 66. Bc5 Kxf3 67. Be7 h3 68. Ra2 Be4 69. Ra8 Rh1+ 0-1

[Event "Hart House Reading Week op"]
[Site "Toronto CAN"]
[Date "2026.02.16"]
[Round "6.5"]
[White "Malakar, Saarthak"]
[Black "Plotkin, Victor"]
[Result "1-0"]
[WhiteElo "2206"]
[BlackElo "2283"]
[WhiteFideId "-1"]
[BlackFideId "-1"]
[PlyCount "93"]
[GameId "2278284786417664"]
[EventDate "2026.02.14"]
[EventType "swiss"]
[EventRounds "6"]
[EventCountry "CAN"]

1. d4 d5 2. Nf3 c6 3. g3 Nf6 4. Bg2 h6 5. O-O Bf5 6. Re1 e6 7. Nfd2 Be7 8. c4 O-O 9. Nc3 Nbd7 10. Qb3 Qb6 11. e4 dxe4 12. Ndxe4 Nxe4 13. Nxe4 Nf6 14. Nc5 Bxc5 15. dxc5 Qxc5 16. Be3 Qe7 17. Rad1 Ng4 18. Bd4 Rfd8 19. h3 Nf6 20. g4 Bg6 21. f4 Qc7 22. Qe3 Qa5 23. a3 Rd7 24. g5 hxg5 25. fxg5 e5 26. Qxe5 Qxe5 27. Bxe5 Rad8 28. Rxd7 Nxd7 29. Bc7 Rc8 30. Bd6 Nb6 31. b3 Rd8 32. c5 Nd5 33. b4 Bf5 34. h4 Bd7 35. Kf2 Re8 36. Rxe8+ Bxe8 37. Bh3 f6 38. Be6+ Kh7 39. Bc8 fxg5 40. Bxb7 Nc3 41. Be5 Nb1 42. a4 Nd2 43. hxg5 Ne4+ 44. Ke3 Nxg5 45. Bb8 Ne6 46. Bxa7 g5 47. Bb8 1-0

[Event "Hart House Reading Week op"]
[Site "Toronto CAN"]
[Date "2026.02.16"]
[Round "6.6"]
[White "Gao, Raymond"]
[Black "Gavrilin, Roman"]
[Result "1-0"]
[WhiteElo "2056"]
[BlackElo "2154"]
[WhiteFideId "-1"]
[BlackFideId "-1"]
[PlyCount "107"]
[GameId "2278284786421760"]
[EventDate "2026.02.14"]
[EventType "swiss"]
[EventRounds "6"]
[EventCountry "CAN"]

1. e4 e5 2. Nf3 Nc6 3. Bc4 Nf6 4. d3 h6 5. c3 d6 6. a4 g6 7. a5 a6 8. O-O Bg7 9. Re1 O-O 10. h3 Kh7 11. d4 Nh5 12. Be3 Qf6 13. d5 Nb8 14. Bf1 Nf4 15. Kh2 g5 16. g3 Ng6 17. c4 Qe7 18. b4 f5 19. exf5 Bxf5 20. Nbd2 Kg8 21. c5 g4 22. hxg4 Bxg4 23. Be2 Nd7 24. Ne4 Rae8 25. Nfd2 Bxe2 26. Qxe2 Nf4 27. Qg4 h5 28. Qh4 Qxh4+ 29. gxh4 Nxd5 30. cxd6 cxd6 31. Nxd6 Re6 32. N2e4 Nxb4 33. Rab1 Nc2 34. Rg1 Nxe3 35. fxe3 Nf6 36. Nxf6+ Rfxf6 37. Ne4 Rg6 38. Rxg6 Rxg6 39. Rxb7 Rg4 40. Rb8+ Kh7 41. Ng5+ Kg6 42. Rb6+ Kf5 43. e4+ Kf4 44. Ne6+ Kxe4 45. Rb4+ Kf5 46. Rxg4 Bf6 47. Rb4 Kxe6 48. Rb6+ Kf5 49. Rxa6 Bxh4 50. Rh6 Bf2 51. Rxh5+ Ke6 52. Kg2 Bc5 53. a6 Kd7 54. a7 1-0

[Event "Hart House Reading Week op"]
[Site "Toronto CAN"]
[Date "2026.02.16"]
[Round "6.7"]
[White "Qian, Eric"]
[Black "Yang, Larry"]
[Result "0-1"]
[WhiteElo "2047"]
[BlackElo "2110"]
[WhiteFideId "-1"]
[BlackFideId "-1"]
[PlyCount "156"]
[GameId "2278284786421760"]
[EventDate "2026.02.14"]
[EventType "swiss"]
[EventRounds "6"]
[EventCountry "CAN"]

1. c4 e5 2. g3 Nf6 3. Bg2 d5 4. cxd5 Nxd5 5. Nc3 Nf6 6. Nf3 Nc6 7. O-O h6 8. d3 Bd6 9. Be3 Ng4 10. Bd2 O-O 11. Rc1 Be6 12. h3 Nf6 13. Be3 Qd7 14. Kh2 Rad8 15. Qa4 a6 16. a3 Nd5 17. Nxd5 Bxd5 18. Qc2 f5 19. Bc5 Qf7 20. b4 f4 21. Qc3 Kh8 22. Nd2 Nd4 23. Bxd5 Qxd5 24. Bxd4 exd4 25. Qc4 fxg3+ 26. fxg3 Bxg3+ 27. Kg1 Qh5 28. Qe6 Bf4 29. Rc5 Be3+ 30. Kh1 Qxe2 31. Rxf8+ Rxf8 32. Rf5 Qe1+ 33. Nf1 Rg8 34. Qe4 c6 35. Kg2 Qe2+ 36. Kg3 b6 37. Rf3 Qe1+ 38. Kg2 Qc3 39. Nxe3 dxe3 40. Qxe3 c5 41. bxc5 bxc5 42. a4 c4 43. dxc4 Qxc4 44. Qf4 Rc8 45. Qf5 Rc5 46. Qf4 Rg5+ 47. Kh2 Rc5 48. Qf8+ Kh7 49. Qf4 a5 50. Rf2 Qe6 51. Rd2 Rf5 52. Qg4 Qe5+ 53. Qg3 Rf4 54. Rg2 Qf6 55. Qd3+ Qf5 56. Qxf5+ Rxf5 57. Rg4 g5 58. Kg3 Kg6 59. Rc4 Rd5 60. Rc6+ Kh5 61. Ra6 Rd3+ 62. Kg2 Ra3 63. Rxa5 Kh4 64. Ra6 h5 65. Ra5 Rg3+ 66. Kf2 Rxh3 67. Re5 Ra3 68. Re4+ g4 69. Kg2 Ra2+ 70. Kg1 Kh3 71. Re5 h4 72. Re3+ g3 73. Re1 Rxa4 74. Rb1 Kg4 75. Kf1 h3 76. Rb8 g2+ 77. Kf2 Ra2+ 78. Kg1 Ra1+ 0-1

[Event "Hart House Reading Week op"]
[Site "Toronto CAN"]
[Date "2026.02.16"]
[Round "6.8"]
[White "Marchand, Calix"]
[Black "Dhaliwal, Jaipreet Singh"]
[Result "0-1"]
[WhiteElo "2088"]
[BlackElo "2085"]
[WhiteFideId "-1"]
[BlackFideId "-1"]
[PlyCount "128"]
[GameId "2278284786425856"]
[EventDate "2026.02.14"]
[EventType "swiss"]
[EventRounds "6"]
[EventCountry "CAN"]

1. e4 c5 2. c3 d5 3. exd5 Qxd5 4. d4 Nf6 5. Nf3 e6 6. Bd3 cxd4 7. cxd4 Nc6 8. O-O Be7 9. Nc3 Qd6 10. Nb5 Qd8 11. Bf4 Nd5 12. Bg3 a6 13. Nc3 O-O 14. Rc1 Nxc3 15. bxc3 Bf6 16. Qe2 g6 17. Rfd1 Bd7 18. Be4 Rc8 19. c4 Re8 20. Ne5 Qe7 21. Qf3 Bg7 22. Rb1 Nxe5 23. dxe5 Bc6 24. Rd6 Bxe4 25. Qxe4 Qc7 26. Rbd1 Qxc4 27. Qxb7 Qxa2 28. Rd7 Rb8 29. Qf3 Rf8 30. Bh4 Qb3 31. R7d3 Qb7 32. Qf4 Qc7 33. Bf6 Bxf6 34. Qxf6 Qc2 35. g4 Rb1 36. Qf3 Rxd1+ 37. Rxd1 a5 38. h4 Rb8 39. Rd7 Rf8 40. h5 Qc1+ 41. Kh2 Qg5 42. Qg3 gxh5 43. Ra7 hxg4 44. Rxa5 Rd8 45. Ra4 h5 46. Kg2 Kg7 47. Rf4 Rd5 48. Re4 Rd1 49. Rf4 Re1 50. Qc3 Qxe5 51. Qb4 Re2 52. Kg3 Rb2 53. Qc4 Rb1 54. Kh4 Rh1+ 55. Kg3 Rh3+ 56. Kg2 Rc3 57. Qb4 Qd5+ 58. Re4 Rd3 59. Kg1 Rd1+ 60. Kg2 Qf5 61. Rf4 Qe5 62. Re4 Qd5 63. Qc3+ Kg6 64. Qe3 f5 0-1

[Event "Hart House Reading Week op"]
[Site "Toronto CAN"]
[Date "2026.02.16"]
[Round "6.9"]
[White "Qiao, Cindy"]
[Black "Abrahams, Daniel"]
[Result "1-0"]
[WhiteElo "1953"]
[BlackElo "2098"]
[WhiteFideId "-1"]
[BlackFideId "-1"]
[PlyCount "127"]
[GameId "2278284786429952"]
[EventDate "2026.02.14"]
[EventType "swiss"]
[EventRounds "6"]
[EventCountry "CAN"]

1. d4 Nf6 2. Bf4 e6 3. e3 c5 4. Nf3 cxd4 5. exd4 b6 6. Nbd2 Be7 7. Bd3 O-O 8. a3 Ba6 9. Bxa6 Nxa6 10. Qe2 Qc8 11. Rc1 Qb7 12. O-O b5 13. c4 bxc4 14. Nxc4 Qb5 15. Qd3 Rac8 16. Rfd1 Nb8 17. b4 Nd5 18. Bg3 Nb6 19. Nb2 a6 20. Ne5 d6 21. Nec4 Nxc4 22. Rxc4 d5 23. Rc3 Qxd3 24. Rdxd3 Nc6 25. Na4 Bf6 26. Nb6 Bxd4 27. Rxd4 Nxd4 28. Rxc8 Rxc8 29. Nxc8 Nc2 30. Ne7+ Kf8 31. Nc6 Nxa3 32. Nb8 Ke7 33. Nxa6 f6 34. f3 e5 35. Kf2 Kd6 36. Ke2 Kc6 37. Nc5 Nc2 38. Ne6 Nxb4 39. Nxg7 d4 40. Nh5 Nd5 41. Nxf6 Nxf6 42. Bxe5 Nd5 43. Bxd4 Nf4+ 44. Kf2 Kd5 45. Be3 Nd3+ 46. Ke2 Nb4 47. g4 Ke5 48. h4 Kd5 49. Kf2 Ke5 50. h5 Nd5 51. Bd2 Nc7 52. Kg3 Nd5 53. Kh4 Kf6 54. f4 Nc7 55. Bc3+ Kf7 56. Kg5 Nd5 57. Be5 Ne3 58. Bd4 Nd5 59. f5 Nc7 60. Kh6 Kg8 61. g5 Nd5 62. g6 hxg6 63. hxg6 Ne7 64. Kg5 1-0

[Event "Hart House Reading Week op"]
[Site "Toronto CAN"]
[Date "2026.02.16"]
[Round "6.10"]
[White "Zhao, Jeffrey R"]
[Black "Deepak, Laksshana"]
[Result "0-1"]
[WhiteElo "2094"]
[BlackElo "2011"]
[WhiteFideId "-1"]
[BlackFideId "-1"]
[PlyCount "76"]
[GameId "2278284786434048"]
[EventDate "2026.02.14"]
[EventType "swiss"]
[EventRounds "6"]
[EventCountry "CAN"]

1. e4 c6 2. d4 d5 3. exd5 cxd5 4. Nf3 Nc6 5. c4 e6 6. Nc3 Nf6 7. cxd5 Nxd5 8. Bd3 Bb4 9. Bd2 Be7 10. O-O O-O 11. Re1 Bf6 12. Ne4 Nxd4 13. Nxf6+ Qxf6 14. Nxd4 Qxd4 15. Bc3 Qh4 16. Be5 g6 17. Re4 Qe7 18. Qd2 f6 19. Bd4 Rd8 20. Bc4 Kg7 21. Rae1 Qf7 22. f4 b6 23. g4 Kf8 24. g5 f5 25. Re5 Nc7 26. Qe3 Rd6 27. Bc3 a5 28. b4 Rc6 29. Qd3 Qd7 30. Qe2 b5 31. Rxb5 Rxc4 32. Qxc4 Nxb5 33. Ba1 Qa7+ 34. Kg2 Qb7+ 35. Kg3 Qd5 36. Qc2 Bb7 37. Rd1 Qf3+ 38. Kh4 Qg4# 0-1

[Event "Mardi 2026.01.27"]
[Site "Laval CAN"]
[Date "2026.01.27"]
[Round "1.1"]
[White "Lesage, Philippe"]
[Black "Beaupre, Eugene jr"]
[Result "1/2-1/2"]
[WhiteElo "1751"]
[BlackElo "1880"]
[WhiteFideId "-1"]
[BlackFideId "-1"]
[PlyCount "109"]
[GameId "2282872229933587"]
[EventDate "2026.01.27"]
[EventType "swiss"]
[EventRounds "5"]
[EventCountry "CAN"]

1. c4 e6 2. Nf3 d5 3. g3 Nf6 4. Bg2 dxc4 5. Qa4+ Bd7 6. Qxc4 c5 7. Ne5 Nc6 8. Nxc6 Bxc6 9. Bxc6+ bxc6 10. Nc3 Be7 11. d3 O-O 12. O-O Nd7 13. Bf4 e5 14. Be3 Nb6 15. Qe4 Qc7 16. Qg2 f5 17. Rac1 f4 18. Bd2 c4 19. dxc4 Rad8 20. Ne4 Na4 21. b3 Nc5 22. Nxc5 Bxc5 23. Bc3 e4 24. b4 f3 25. exf3 exf3 26. Qh3 Bd4 27. Bxd4 Rxd4 28. Rfd1 c5 29. bxc5 Rxd1+ 30. Rxd1 Qxc5 31. Qe6+ Kh8 32. Qd5 Qc8 33. Rd3 Qg4 34. h3 Qxh3 35. Rxf3 Re8 36. Qd2 h6 37. Re3 Rb8 38. Re1 Qf5 39. Qf4 Qxf4 40. gxf4 Rb2 41. Rc1 Rxa2 42. c5 Rb2 43. c6 Rb8 44. Kf1 Kg8 45. Ke2 Kf8 46. Ke3 Ke7 47. Ra1 Ra8 48. Rd1 Rd8 49. Ra1 Ra8 50. Rd1 g6 51. Rd7+ Ke6 52. Kd4 a5 53. Kc5 a4 54. Rd6+ Ke7 55. Rd7+ 1/2-1/2

[Event "Mardi 2026.01.27"]
[Site "Laval CAN"]
[Date "2026.01.27"]
[Round "1.2"]
[White "Saillant, Christopher"]
[Black "He, Daniel"]
[Result "1-0"]
[WhiteElo "1891"]
[BlackElo "1747"]
[WhiteFideId "-1"]
[BlackFideId "-1"]
[PlyCount "97"]
[GameId "2282872230007316"]
[EventDate "2026.01.27"]
[EventType "swiss"]
[EventRounds "5"]
[EventCountry "CAN"]

1. e4 e5 2. Nf3 Nc6 3. Bc4 Nf6 4. d3 Bc5 5. c3 d6 6. O-O Bg4 7. Nbd2 O-O 8. Re1 Re8 9. Nf1 Be6 10. Ng3 Bxc4 11. dxc4 a5 12. Nh4 Ne7 13. Bg5 Ng6 14. Nh5 Re6 15. Nf5 Bxf2+ 16. Kxf2 Nxe4+ 17. Rxe4 Qxg5 18. Nfxg7 Rf6+ 19. Kg1 Rf4 20. Nxf4 Nxf4 21. Rxf4 exf4 22. Nh5 Re8 23. h3 f5 24. Qf3 Qh4 25. Qd5+ Kh8 26. Qxf5 Re1+ 27. Rxe1 Qxe1+ 28. Kh2 Kg8 29. Qf6 Qe5 30. Qxf4 Qxh5 31. Qg4+ Qxg4 32. hxg4 Kg7 33. Kg3 Kf6 34. Kf4 h6 35. Ke4 Kg5 36. Kf3 c6 37. b3 b5 38. cxb5 cxb5 39. a3 d5 40. a4 bxa4 41. bxa4 Kg6 42. Ke3 Kf6 43. Kd4 Ke6 44. Kc5 Ke5 45. Kb5 Kf4 46. Kxa5 Kxg4 47. Kb5 Kg3 48. a5 Kxg2 49. a6 1-0

[Event "Mardi 2026.01.27"]
[Site "Laval CAN"]
[Date "2026.01.27"]
[Round "1.3"]
[White "Jean, Lucas"]
[Black "Zhe, Jia"]
[Result "1/2-1/2"]
[WhiteElo "1717"]
[BlackElo "1849"]
[WhiteFideId "-1"]
[BlackFideId "-1"]
[PlyCount "117"]
[GameId "2282872230019605"]
[EventDate "2026.01.27"]
[EventType "swiss"]
[EventRounds "5"]
[EventCountry "CAN"]

1. d4 d5 2. Bf4 Nf6 3. e3 c5 4. c4 e6 5. Nf3 Nc6 6. Nc3 a6 7. Ne5 cxd4 8. Nxc6 bxc6 9. Qxd4 Bd6 10. Bg3 Qe7 11. Bxd6 Qxd6 12. c5 Qe7 13. f4 O-O 14. Na4 Nd7 15. Be2 e5 16. fxe5 Qxe5 17. O-O Re8 18. Qxe5 Rxe5 19. Rf3 Rb8 20. Raf1 f6 21. Bd3 Rb4 22. b3 Nb8 23. h3 a5 24. Kf2 Ba6 25. Bxa6 Nxa6 26. Ke2 Kf7 27. Rc1 Ke6 28. Kd3 Rh4 29. Nb2 f5 30. Kd2 d4 31. Nd3 dxe3+ 32. Rxe3 Rxe3 33. Kxe3 Re4+ 34. Kf3 g5 35. Rc2 Nc7 36. g4 Nd5 37. Re2 Rxe2 38. Kxe2 fxg4 39. hxg4 Nf6 40. Kf3 Kd5 41. a3 h6 42. b4 axb4 43. axb4 Kc4 44. Ne5+ Kxb4 45. Nxc6+ Kxc5 46. Nd8 Kd5 47. Nf7 Ng8 48. Kg3 Ke6 49. Nd8+ Kf6 50. Nc6 Kg7 51. Nd4 Ne7 52. Kf3 Kf6 53. Ne2 Ng6 54. Kg3 Ke5 55. Ng1 Ke4 56. Ne2 Ne5 57. Nc3+ Kd4 58. Nb5+ Ke3 59. Nd6 1/2-1/2

[Event "Mardi 2026.01.27"]
[Site "Laval CAN"]
[Date "2026.01.27"]
[Round "1.4"]
[White "Avarian, Aram Sevag"]
[Black "Lamy, Vincent"]
[Result "1-0"]
[WhiteElo "1833"]
[BlackElo "1740"]
[WhiteFideId "-1"]
[BlackFideId "-1"]
[PlyCount "57"]
[GameId "2282872230027798"]
[EventDate "2026.01.27"]
[EventType "swiss"]
[EventRounds "5"]
[EventCountry "CAN"]

1. e4 c5 2. Nc3 g6 3. d4 cxd4 4. Qxd4 Nf6 5. Nf3 Bg7 6. e5 Nc6 7. Qa4 Ng8 8. Bf4 Nh6 9. h3 O-O 10. Qe4 f6 11. exf6 Rxf6 12. Bc4+ Kh8 13. O-O-O d6 14. g4 Qf8 15. Nd5 Re6 16. Qd3 Nb4 17. Nxb4 Qxf4+ 18. Kb1 b5 19. Bxe6 Bxe6 20. Nd4 Bc4 21. Qe3 Qf7 22. b3 a5 23. Nd3 Bd5 24. Rhe1 a4 25. Ne6 Bc3 26. Ng5 Qg7 27. Qxe7 Bxe1 28. Rxe1 Qc3 29. Qxh7# 1-0

[Event "Mardi 2026.01.27"]
[Site "Laval CAN"]
[Date "2026.01.27"]
[Round "1.5"]
[White "Ramos, Heidi"]
[Black "Sekki, Abderaouf"]
[Result "0-1"]
[WhiteElo "1422"]
[BlackElo "1841"]
[WhiteFideId "-1"]
[BlackFideId "-1"]
[PlyCount "62"]
[GameId "2282872230031895"]
[EventDate "2026.01.27"]
[EventType "swiss"]
[EventRounds "5"]
[EventCountry "CAN"]

1. d4 f5 2. c4 Nf6 3. Nf3 b6 4. g3 Bb7 5. Bg2 e6 6. Nc3 Bb4 7. O-O Bxc3 8. bxc3 O-O 9. Ne5 Bxg2 10. Kxg2 d6 11. Nd3 Nbd7 12. Nf4 Qe7 13. Qb3 e5 14. c5+ Kh8 15. Ne6 Rfc8 16. c6 Nf8 17. Nxf8 Rxf8 18. d5 Qf7 19. c4 Qh5 20. Qf3 Ng4 21. h3 e4 22. Qc3 Ne5 23. f3 Rae8 24. Bb2 f4 25. Qc2 Qg5 26. g4 Qh4 27. Bxe5 Qg3+ 28. Kh1 Qxh3+ 29. Kg1 Qg3+ 30. Kh1 Rxe5 31. fxe4 Rf6 0-1

[Event "Mardi 2026.01.27"]
[Site "Laval CAN"]
[Date "2026.02.03"]
[Round "2.1"]
[White "Nunez, Omar"]
[Black "Saillant, Christopher"]
[Result "0-1"]
[WhiteElo "1881"]
[BlackElo "1946"]
[WhiteFideId "-1"]
[BlackFideId "-1"]
[PlyCount "86"]
[GameId "2282872230040088"]
[EventDate "2026.01.27"]
[EventType "swiss"]
[EventRounds "5"]
[EventCountry "CAN"]

1. d4 d5 2. Bf4 Nf6 3. e3 c5 4. Bxb8 Rxb8 5. Bb5+ Bd7 6. Bxd7+ Nxd7 7. Nf3 e6 8. O-O Be7 9. Nbd2 f5 10. a4 c4 11. b3 c3 12. Nb1 Bb4 13. Qd3 Qc7 14. a5 O-O 15. Qb5 Bd6 16. Nxc3 a6 17. Qd3 Rbc8 18. Ne2 Qxc2 19. Rfd1 Qxd3 20. Rxd3 Rc2 21. Kf1 Nf6 22. Ng5 Re8 23. Rc1 Rxc1+ 24. Nxc1 h6 25. Nf3 Rc8 26. Ne2 Ne4 27. g3 g5 28. h4 Rc2 29. hxg5 hxg5 30. Ne5 Bxe5 31. dxe5 Nc5 32. Rd1 Nxb3 33. g4 Nd2+ 34. Rxd2 Rxd2 35. Nd4 Kf7 36. gxf5 exf5 37. Nxf5 Rb2 38. Nd4 b6 39. axb6 Rxb6 40. Ke2 a5 41. f4 gxf4 42. exf4 a4 43. f5 a3 0-1

[Event "Mardi 2026.01.27"]
[Site "Laval CAN"]
[Date "2026.02.03"]
[Round "2.3"]
[White "Beaupre, Eugene jr"]
[Black "Guillemette, Thomas"]
[Result "1-0"]
[WhiteElo "1880"]
[BlackElo "1877"]
[WhiteFideId "-1"]
[BlackFideId "-1"]
[PlyCount "65"]
[GameId "2282872230040089"]
[EventDate "2026.01.27"]
[EventType "swiss"]
[EventRounds "5"]
[EventCountry "CAN"]

1. e4 c5 2. Nf3 d6 3. Bb5+ Bd7 4. Bxd7+ Qxd7 5. c4 Nc6 6. d4 cxd4 7. Nxd4 Nf6 8. Nc3 Rc8 9. b3 g6 10. f3 Bg7 11. Be3 e6 12. f4 d5 13. e5 Ng8 14. Ndb5 Bf8 15. cxd5 exd5 16. Qxd5 Qxd5 17. Nxd5 a6 18. Nb6 Bb4+ 19. Kf2 Rd8 20. Nc7+ Kf8 21. Rhd1 Nge7 22. Rxd8+ Nxd8 23. g4 Ne6 24. Nxe6+ fxe6 25. Rd1 Kf7 26. Nc4 Rc8 27. Rd7 Rc6 28. Rxb7 Bc5 29. Bxc5 Rxc5 30. Ke3 Kf8 31. Kd4 Rd5+ 32. Ke4 h6 33. Rb6 1-0

[Event "Mardi 2026.01.27"]
[Site "Laval CAN"]
[Date "2026.02.10"]
[Round "2.4"]
[White "Zhe, Jia"]
[Black "Lesage, Philippe"]
[Result "0-1"]
[WhiteElo "1927"]
[BlackElo "1837"]
[WhiteFideId "-1"]
[BlackFideId "-1"]
[PlyCount "60"]
[GameId "2282872230044186"]
[EventDate "2026.01.27"]
[EventType "swiss"]
[EventRounds "5"]
[EventCountry "CAN"]

1. d4 d5 2. c4 e6 3. Nc3 c5 4. cxd5 exd5 5. Nf3 Nc6 6. e3 Nf6 7. Be2 c4 8. O-O Bb4 9. Qc2 O-O 10. Bd2 Bxc3 11. Bxc3 b5 12. a3 Ne4 13. Ne5 Nxe5 14. dxe5 Bf5 15. Qc1 Nc5 16. Qd1 Nb3 17. Ra2 Qd7 18. Bd4 a5 19. Qe1 Rfb8 20. h3 Qe7 21. g4 Bg6 22. f4 Be4 23. Bf3 Bxf3 24. Rxf3 b4 25. axb4 axb4 26. Rxa8 Rxa8 27. Rf1 Ra1 28. Qf2 Ra2 29. Rb1 c3 30. Qc2 Nd2 0-1

[Event "Mardi 2026.01.27"]
[Site "Laval CAN"]
[Date "2026.02.03"]
[Round "2.5"]
[White "He, Daniel"]
[Black "Jean, Lucas"]
[Result "0-1"]
[WhiteElo "1801"]
[BlackElo "1766"]
[WhiteFideId "-1"]
[BlackFideId "-1"]
[PlyCount "102"]
[GameId "2282872230044187"]
[EventDate "2026.01.27"]
[EventType "swiss"]
[EventRounds "5"]
[EventCountry "CAN"]

1. e4 e6 2. d4 d5 3. exd5 exd5 4. Nf3 Nf6 5. Bd3 Bd6 6. O-O O-O 7. Nc3 c6 8. Ne2 Bg4 9. Ng3 Re8 10. h3 Bxg3 11. fxg3 Bh5 12. g4 Bg6 13. Bxg6 hxg6 14. Bg5 Qd6 15. Ne5 Nbd7 16. Bf4 Qb4 17. g5 Nxe5 18. Bxe5 Nd7 19. a3 Qxb2 20. Rb1 Qxa3 21. Rxb7 Nxe5 22. dxe5 Re7 23. Rxe7 Qxe7 24. Qf3 a5 25. Qc3 c5 26. Qf3 Qe6 27. Rd1 Rd8 28. Qc3 Qb6 29. Ra1 Qb4 30. Qxb4 axb4 31. Ra5 Rc8 32. Rb5 Kf8 33. Rb7 Re8 34. Rb5 Rc8 35. Rb7 Ke8 36. Kf2 Ra8 37. Ke2 Ra2 38. Kd1 Ra1+ 39. Kd2 Rg1 40. g4 Rg2+ 41. Kc1 Rg3 42. Rb5 Re3 43. Rb8+ Ke7 44. Rb7+ Ke6 45. Rc7 b3 46. Rc8 Kxe5 47. Rg8 bxc2 48. Rxg7 d4 49. Rxf7 d3 50. Rd7 Kf4 51. Rd5 Rxh3 0-1

[Event "Mardi 2026.01.27"]
[Site "Laval CAN"]
[Date "2026.02.03"]
[Round "2.6"]
[White "Lamy, Vincent"]
[Black "Gamache, Lucien"]
[Result "0-1"]
[WhiteElo "1757"]
[BlackElo "1700"]
[WhiteFideId "-1"]
[BlackFideId "-1"]
[PlyCount "82"]
[GameId "2282872230048284"]
[EventDate "2026.01.27"]
[EventType "swiss"]
[EventRounds "5"]
[EventCountry "CAN"]

1. e4 d5 2. exd5 Qxd5 3. Nc3 Qd8 4. Nf3 Nf6 5. d4 Bf5 6. Bc4 e6 7. Nh4 Bg4 8. Qd3 Be7 9. Be3 Nd5 10. Bxd5 exd5 11. h3 Bc8 12. Nf5 Bf6 13. O-O-O c6 14. Bf4 O-O 15. Be5 Bxe5 16. dxe5 Qg5+ 17. Ne3 Qxe5 18. Ng4 Qf4+ 19. Kb1 Bf5 20. Qd4 Qxd4 21. Rxd4 Re8 22. Rf4 Bxg4 23. Rxg4 Nd7 24. Kc1 Re6 25. Kd2 Rae8 26. h4 Nc5 27. Rh3 Ne4+ 28. Nxe4 Rxe4 29. Rxe4 Rxe4 30. Re3 Rxe3 31. Kxe3 Kf8 32. Kd4 Ke7 33. g4 Kd6 34. f4 c5+ 35. Ke3 b5 36. c3 h5 37. g5 g6 38. b4 d4+ 39. Kd3 dxc3 40. bxc5+ Kxc5 41. Kxc3 a5 0-1